Take note : (Record no. 29546)
[ view plain ]
| 000 -LEADER | |
|---|---|
| fixed length control field | 00736cam a2200241 i 4500 |
| 001 - CONTROL NUMBER | |
| control field | 1338052 |
| 003 - CONTROL NUMBER IDENTIFIER | |
| control field | OSt |
| 005 - DATE AND TIME OF LATEST TRANSACTION | |
| control field | 20211125065829.0 |
| 008 - FIXED-LENGTH DATA ELEMENTS--GENERAL INFORMATION | |
| fixed length control field | 790917s1980 enk 000 0 eng |
| 010 ## - LIBRARY OF CONGRESS CONTROL NUMBER | |
| LC control number | 79040964 |
| 015 ## - NATIONAL BIBLIOGRAPHY NUMBER | |
| National bibliography number | GB80 |
| 020 ## - INTERNATIONAL STANDARD BOOK NUMBER | |
| International Standard Book Number | 0080253164 (pbk.) |
| 040 ## - CATALOGING SOURCE | |
| Original cataloging agency | MMU |
| Transcribing agency | MMU |
| Modifying agency | MMU |
| Language of cataloging | eng |
| 050 00 - LIBRARY OF CONGRESS CALL NUMBER | |
| Classification number | LB2395 |
| Item number | .T32 1980 |
| 245 00 - TITLE STATEMENT | |
| Title | Take note : |
| Remainder of title | materials for aural comprehension and note-taking in english / |
| Statement of responsibility, etc. | [compiled] by Michael Berman. |
| 250 ## - EDITION STATEMENT | |
| Edition statement | 1st ed. |
| 260 ## - PUBLICATION, DISTRIBUTION, ETC. (IMPRINT) | |
| Place of publication, distribution, etc. | Oxford ; |
| -- | New York : |
| Name of publisher, distributor, etc. | Pergamon Press, |
| Date of publication, distribution, etc. | 1980. |
| 300 ## - PHYSICAL DESCRIPTION | |
| Extent | vii, 57 p. : |
| Dimensions | 21 cm. |
| 650 #0 - SUBJECT ADDED ENTRY--TOPICAL TERM | |
| Topical term or geographic name as entry element | Note-taking. |
| 650 #0 - SUBJECT ADDED ENTRY--TOPICAL TERM | |
| Topical term or geographic name as entry element | English language |
| General subdivision | Textbooks for foreign speakers. |
| 700 1# - ADDED ENTRY--PERSONAL NAME | |
| Personal name | Berman, Michael, |
| Dates associated with a name | 1951 |
| 942 ## - ADDED ENTRY ELEMENTS (KOHA) | |
| Source of classification or shelving scheme | Library of Congress Classification |
| Koha item type | L |
| Withdrawn status | Lost status | Source of classification or shelving scheme | Damaged status | Not for loan | Home library | Current library | Date acquired | Source of acquisition | Total Checkouts | Full call number | Barcode | Date last seen | Price effective from | Koha item type |
|---|---|---|---|---|---|---|---|---|---|---|---|---|---|---|
| Library of Congress Classification | Maasai Mara University Library -Main Campus | Maasai Mara University Library -Main Campus | 06/20/2017 | Donation-T4C | LB2395.T32 1980 | 17022915 | 06/20/2017 | 06/20/2017 | L |